Gemeinden Landkreis Mühldorf am Inn - Statistiken

Allgemein
  • Dieses Quiz wurde 85 mal gespielt
  • Das Durchschnittsergebnis liegt bei 21 aus 31
Antwortstatistiken
Einwohner Gemeindeart Gemeindename % Korrekt
20.779 Stadtgemeinde, Kreisstadt Mühldorf am Inn
100%
23.392 Stadtgemeinde Waldkraiburg
98%
6.694 Gemeinde Ampfing
94%
3.935 Marktgemeinde Kraiburg am Inn
89%
6.285 Stadtgemeinde Neumarkt-St. Veit
83%
3.930 Marktgemeinde Gars am Inn
79%
6.602 Marktgemeinde Haag in Oberbayern
79%
1.374 Gemeinde Taufkirchen
77%
3.185 Marktgemeinde Buchbach
74%
3.577 Gemeinde Schwindegg
70%
1.725 Gemeinde Unterreit
70%
3.318 Gemeinde Aschau am Inn
68%
2.584 Gemeinde Obertaufkirchen
68%
3.295 Gemeinde Polling
68%
703 Gemeinde Jettenbach
66%
2.037 Gemeinde Maitenbeth
66%
3.540 Gemeinde Mettenheim
66%
851 Gemeinde Oberneukirchen
64%
919 Gemeinde Erharting
62%
2.678 Gemeinde Heldenstein
62%
1.726 Gemeinde Oberbergkirchen
62%
1.229 Gemeinde Niederbergkirchen
60%
979 Gemeinde Rattenkirchen
57%
1.635 Gemeinde Reichertsheim
57%
1.419 Gemeinde Niedertaufkirchen
55%
1.959 Gemeinde Rechtmehring
55%
1.122 Gemeinde Zangberg
53%
1.340 Gemeinde Kirchdorf
45%
753 Gemeinde Lohkirchen
43%
1.194 Gemeinde Egglkofen
40%
1.113 Gemeinde Schönberg
36%
Keine übereinstimmenden Quizze gefunden
Verteilung der Resultate
Anzahl Personen mit jedem Resultat
Perzentil nach korrekt beantworteten Fragen
Ihre Resultats-Entwicklung
Sie haben dieses Quiz noch nicht gespielt